| 000 | 00434cam a2200181ua 4500 | ||
|---|---|---|---|
| 001 | 5240 | ||
| 008 | 150213n ii |||gr||||Z||||||eng | ||
| 020 | _a0-143-02857-X | ||
| 040 | _cMAIN | ||
| 041 | _aeng | ||
| 082 | _a823.954 | ||
| 100 |
_aRoy, Arundhati, _eAuthor, |
||
| 245 |
_aThe god of small things _cby Arundhati Roy |
||
| 250 | _a1st. | ||
| 260 |
_aNew Delhi: _bPenguin books, _c2002. |
||
| 300 |
_a340p: _c23cm. |
||
| 942 | _cBK | ||
| 999 |
_c4422 _d4422 |
||